[Event "Klubbmesterskap 2008"]
[Site "Ås, Akershus NOR"]
[Date "2008.03.06"]
[Round "5"]
[White "Furnes, Torstein"]
[Black "Lange, David"]
[Result "0-1"]
[WhiteElo "1544"]
[BlackElo "1522"]
[PlyCount "74"]
[EventDate "2008.01.17"]

1. e4 e5 2. Nf3 Nc6 3. Bc4 Bc5 4. O-O Nf6 5. d3 O-O 6. Bg5 d6 7. Nc3 Be6 8.
Bxe6 fxe6 9. Na4 Bb6 10. Nxb6 axb6 11. c3 h6 12. Bh4 g5 13. Bg3 Nh5 14. Nxe5
Nxg3 15. Nxc6 bxc6 16. fxg3 Qe7 17. Rxf8+ Rxf8 18. Qe2 e5 19. Rf1 Qe6 20. Rxf8+
Kxf8 21. Qf3+ Ke7 22. b3 g4 23. Qf2 d5 24. Qe3 Qf6 25. d4 Qg6 26. dxe5 Qxe4 27.
Kf2 Qc2+ 28. Qe2 Qxe2+ 29. Kxe2 Ke6 30. Ke3 Kxe5 31. a4 c5 32. b4 cxb4 33. cxb4
d4+ 34. Kd3 Kd5 35. a5 bxa5 36. bxa5 c5 37. a6 c4+ 0-1

[Event "Klubbmesterskap 2008"]
[Site "Ås, Akershus NOR"]
[Date "2008.03.13"]
[Round "6"]
[White "Lange, David"]
[Black "Lea, Per"]
[WhiteElo "1522"]
[BlackElo "1576"]
[PlyCount "95"]
[Result "1-0"]
1. d4 d5 2. e3 Nf6 3. c4 e6 4. Nc3 Be7 5. Nf3 O-O 6. Be2 dxc4 7. Bxc4 c5 8.
O-O Nc6 9. b3 a6 10. dxc5 Qxd1 11. Rxd1 Bxc5 12. Bb2 b5 13. Bd3 Bb7 14. Ne4
Nxe4 15. Bxe4 Rfd8 16. Rdc1 Na5 17. Bxh7+ Kxh7 18. Rxc5 Rac8 19. Rxc8 Rxc8
20. Rc1 Rxc1+ 21. Bxc1 Bxf3 22. gxf3 Kg8 23. Bd2 Nc6 24. Bc3 g6 25. Kg2 Kf8
26. Kg3 f5 27. Kf4 Ke7 28. Kg5 Kf7 29. e4 Ne7 30. h4 Nc6 31. exf5 exf5 32.
h5 gxh5 33. Kxf5 Ne7+ 34. Kg5 Nd5 35. Bd2 b4 36. Kxh5 Nc3 37. Kg5 Nxa2 38.
Kf4 a5 39. Ke4 a4 40. bxa4 b3 41. Kd3 Ke6 42. a5 Kd5 43. a6 Kc6 44. a7 Kb7
45. Be3 b2 46. Kc2 b1=B+ 47. Kxb1 Nb4 48. f4
1-0

[Event "Klubbmesterskap 2008"]
[Site "Ås, Akershus NOR"]
[Date "2008.02.14"]
[Round "6"]
[White "Furnes, Torstein"]
[Black "Hovland, Arne"]
[Result "0-1"]
[WhiteElo "1544"]
[BlackElo "1643"]
[PlyCount "146"]
[EventDate "2008.01.17"]

1. d4 Nf6 2. c4 g6 3. Nc3 Bg7 4. e4 d6 5. Nf3 O-O 6. Be2 e5 7. O-O Nbd7 8. Bg5
h6 9. Be3 Ng4 10. Bc1 Ngf6 11. Rb1 a5 12. a3 exd4 13. Nxd4 Nc5 14. f3 a4 15. b4
axb3 16. Nxb3 Nxb3 17. Qxb3 Nd7 18. Nd5 c6 19. Nf4 Be5 20. Nd3 Bd4+ 21. Kh1 Kh7
22. Bb2 Nc5 23. Nxc5 Bxc5 24. Qc3 Rg8 25. e5 Bf5 26. Ra1 dxe5 27. Qxe5 Bd6 28.
Qd4 Qe7 29. Rfe1 Bxa3 30. Bd3 Bxb2 31. Qxb2 Rxa1 32. Qxa1 Ra8 33. Qd1 Qf6 34.
Bxf5 gxf5 35. h3 Ra2 36. Qb3 Qb2 37. Qxb2 Rxb2 38. Rc1 f4 39. c5 Kg6 40. Rc4
Kf5 41. Kh2 Rd2 42. Kg1 Rd7 43. Kf2 h5 44. Ke2 h4 45. Ke1 Rd3 46. Ke2 Re3+ 47.
Kf2 Kg5 48. Kf1 Re5 49. Kf2 Rd5 50. Ke2 f5 51. Ke1 Rd7 52. Ke2 Rd8 53. Ke1 Rd5
54. Ke2 Kf6 55. Rxf4 Rxc5 56. Rxh4 Rc2+ 57. Kf1 b5 58. Rb4 Kg5 59. Kg1 f4 60.
Kf1 Ra2 61. Kg1 Ra4 62. Rb2 Kh4 63. Kf2 b4 64. Rc2 Ra6 65. Rc4 Ra2+ 66. Kf1 c5
67. Rxf4+ Kg3 68. Rg4+ Kh2 69. Rc4 Rxg2 70. Rxc5 b3 71. Rb5 b2 72. Ke1 b1=Q+
73. Rxb1 Rg1+ 0-1

[Event "Klubbmesterskap 2008"]
[Site "Ås, Akershus NOR"]
[Date "2008.03.27"]
[Round "7"]
[White "Lea, Per"]
[Black "Pettersen, Erling"]
[WhiteElo "1576"]
[BlackElo "1356"]
[PlyCount "121"]
[Result "1-0"]
1. e4 e6 2. d4 d5 3. Nc3 Bb4 4. e5 h6 5. Qg4 g6 6. Bd3 Ne7 7. Ne2 Nf5 8.
Bd2 a6 9. Nb1 Nc6 10. c3 Bf8 11. Nf4 h5 12. Qe2 Bh6 13. g4 Bxf4 14. Bxf4
Nh4 15. Rg1 hxg4 16. Qxg4 Ne7 17. Bg5 Nhf5 18. h4 Bd7 19. Bf6 Rg8 20. Nd2
Bb5 21. Bc2 Qd7 22. O-O-O O-O-O 23. h5 Rde8 24. Rh1 gxh5 25. Qxh5 Ng6 26.
Nb3 b6 27. Qf3 Bc4 28. Nd2 Bb5 29. Rh7 Ref8 30. Rdh1 Bc6 31. R1h5 Kb8 32.
Bxf5 exf5 33. Rxf5 Ne7 34. Bxe7 Qxe7 35. Rfxf7 Rxf7 36. Qxf7 Qxf7 37. Rxf7
Be8 38. Rf6 Rg1+ 39. Kc2 Kc8 40. f4 Rg2 41. f5 Bh5 42. Rh6 Rh2 43. Rh8+ Kd7
44. Rg8 Rf2 45. Rg7+ Kd8 46. f6 Be8 47. Rg1 Bf7 48. Rf1 Rxf1 49. Nxf1 Kd7
50. Kd3 Ke6 51. Ng3 Bg6+ 52. Ke3 c5 53. Kf4 a5 54. a3 c4 55. Kg5 Bf7 56.
Nh5 b5 57. Nf4+ Kd7 58. e6+ Bxe6 59. Nxe6 Kxe6 60. Kg6 b4 61. f7
1-0

[Event "Klubbmesterskap 2008"]
[Site "Ås, Akershus NOR"]
[Date "2008.03.27"]
[Round "7"]
[White "Simonsen, Steinar"]
[Black "Furnes, Torstein"]
[Result "1/2-1/2"]
[WhiteElo "1402"]
[BlackElo "1544"]
[PlyCount "49"]
[EventDate "2008.01.17"]

1. c4 e5 2. Nc3 Nf6 3. g3 Nc6 4. Bg2 Be7 5. Nf3 O-O 6. O-O d6 7. a3 a5 8. Rb1
Be6 9. d3 Qd7 10. b4 axb4 11. axb4 Bh3 12. b5 Nd8 13. Bxh3 Qxh3 14. Ng5 Qh5 15.
f3 h6 16. Nge4 Nxe4 17. Nxe4 f5 18. Nc3 Ne6 19. Qb3 Nd4 20. Qd1 Bg5 21. e3 Ne6
22. f4 Qxd1 23. Rxd1 exf4 24. exf4 Bf6 25. Nd5 1/2-1/2

[Event "Klubbmesterskap 2008"]
[Site "Ås, Akershus NOR"]
[Date "2008.04.03"]
[Round "8"]
[White "Lange, Holger"]
[Black "Lea, Per"]
[WhiteElo "1637"]
[BlackElo "1575"]
[PlyCount "94"]
[Result "1/2-1/2"]
1. e4 e5 2. Nf3 Nc6 3. d4 exd4 4. Bc4 Nf6 5. Ng5 d5 6. exd5 Ne5 7. Bb5+ Bd7
8. Bxd7+ Qxd7 9. Qxd4 Qxd5 10. Qxd5 Nxd5 11. O-O Bd6 12. f4 Ng6 13. Re1+
Nge7 14. g3 O-O 15. Ne4 Bb4 16. c3 Ba5 17. Na3 Bb6+ 18. Kg2 Rfe8 19. Nc4
Rad8 20. Nxb6 Nxb6 21. Be3 Nc4 22. b3 Nxe3+ 23. Rxe3 Nd5 24. Ree1 f5 25.
Nc5 Nxc3 26. Nxb7 Rd2+ 27. Kh3 Ne4 28. Nc5 Nf2+ 29. Kh4 Rxe1 30. Rxe1 Rxa2
31. Re8+ Kf7 32. Rc8 Ke7 33. Rxc7+ Kd6 34. Rc8 Ng4 35. Kg5 Rxh2 36. Kxf5
Rh5+ 37. Kxg4 Rxc5 38. Ra8 Rc7 39. Kf5 Kc6 40. Rb8 a5 41. b4 a4 42. b5+ Kc5
43. b6 Rf7+ 44. Ke5 Re7+ 45. Kf5 Rf7+ 46. Ke5 Kc6 47. Ra8 Kxb6
1/2-1/2

[Event "Klubbmesterskap 2008"]
[Site "Ås, Akershus NOR"]
[Date "2008.04.10"]
[Round "8"]
[White "Furnes, Torstein"]
[Black "Moberg, Jan Rune"]
[Result "1/2-1/2"]
[WhiteElo "1536"]
[BlackElo "1464"]
[PlyCount "60"]
[EventDate "2008.01.17"]

1. d4 f5 2. c4 b6 3. Nf3 e6 4. Nc3 Bb7 5. Bg5 Be7 6. Bxe7 Qxe7 7. e3 Nf6 8. Qc2
Na6 9. a3 c6 10. Bd3 d5 11. cxd5 exd5 12. Bxf5 O-O 13. h4 Nc7 14. h5 Bc8 15.
Bxc8 Raxc8 16. Ne5 Qe6 17. h6 Nce8 18. hxg7 Nxg7 19. g4 Rc7 20. g5 Nfh5 21. Ne2
Rf5 22. f4 Rc8 23. Kd2 c5 24. Rac1 Rff8 25. Qb1 Qe8 26. Rh3 cxd4 27. Nxd4 Rxc1
28. Qxc1 Nf5 29. Nxf5 Rxf5 30. Qc7 Ng7 1/2-1/2

[Event "Klubbmesterskap 2008"]
[Site "Ås, Akershus NOR"]
[Date "2008.05.08"]
[Round "9"]
[White "Lea, Per"]
[Black "Weberg, Øivind"]
[WhiteElo "1575"]
[BlackElo "1516"]
[PlyCount "83"]
[Result "1-0"]
1. e4 e6 2. d4 d5 3. Nc3 dxe4 4. Nxe4 Nd7 5. Nf3 Ngf6 6. Bg5 Be7 7. Nxf6+
Bxf6 8. Bxf6 Qxf6 9. Qd2 Nb6 10. O-O-O Bd7 11. Ne5 O-O-O 12. f4 Kb8 13. g3
Bc8 14. Bg2 Qe7 15. Rhe1 f6 16. Ng4 Qd6 17. Qa5 Nd5 18. c4 Qb6 19. Qd2 e5
20. Nf2 Nb4 21. fxe5 fxe5 22. Rxe5 Nc6 23. Re4 Qa6 24. b3 Qa3+ 25. Qb2 Qd6
26. Rf4 Rhf8 27. Rh4 Bf5 28. Be4 g5 29. Rh5 Qg6 30. Bf3 g4 31. Rxf5 Qxf5
32. Bxc6 bxc6 33. Nd3 Qe4 34. Ne5 Qe3+ 35. Kb1 Kb7 36. Qa3 Rf2 37. Qb4+ Kc8
38. Qa4 Rxd4 39. Qa6+ Kd8 40. Rxd4+ Ke7 41. Rd7+ Kf6 42. Nxg4+
1-0

[Event "Klubbmesterskap 2008"]
[Site "Ås, Akershus NOR"]
[Date "2008.05.08"]
[Round "9"]
[White "Høva, Frode"]
[Black "Furnes, Torstein"]
[Result "0-1"]
[WhiteElo "1558"]
[BlackElo "1536"]
[PlyCount "56"]
[EventDate "2008.01.17"]

1. d4 d5 2. c4 e6 3. Nc3 Nf6 4. cxd5 exd5 5. Bg5 Be7 6. e3 O-O 7. Bd3 c6 8. Qc2
h6 9. Bh4 Be6 10. Nge2 Nbd7 11. O-O c5 12. Bf5 c4 13. Bxe6 fxe6 14. Nf4 Qb6 15.
Ng6 Rfe8 16. Kh1 Bd6 17. Bg3 Bxg3 18. fxg3 e5 19. dxe5 Nxe5 20. Nf4 Rad8 21.
Rad1 Qxe3 22. Ncxd5 Nxd5 23. Nxd5 Qc5 24. Nf4 Rxd1 25. Rxd1 Ng4 26. Rb1 Nf2+
27. Kg1 Nd1+ 28. Kh1 Re1# 0-1

[Event "Klubbmesterskap stikk-kamp 2008"]
[Site "Ås, Akershus NOR"]
[Date "2008.05.31"]
[Round "1"]
[White "Lange, David"]
[Black "Lea, Per"]
[WhiteElo "1651"]
[BlackElo "1575"]
[PlyCount "108"]
[Result "1/2-1/2"]
1. c4 Nf6 2. Nc3 g6 3. d4 Bg7 4. e4 d6 5. f4 c5 6. Nf3 O-O 7. Be2 cxd4 8.
Nxd4 Nc6 9. Be3 Bd7 10. Qd2 a6 11. O-O Ng4 12. Nxc6 bxc6 13. Bd4 e5 14. Bf2
Nxf2 15. Rxf2 Qb6 16. Qxd6 Rad8 17. Qa3 exf4 18. c5 Qc7 19. Rd1 Be6 20.
Rff1 Bd4+ 21. Kh1 a5 22. Bf3 Bc4 23. Be2 Be6 24. Bf3 Bc4 25. Rfe1 Rfe8 26.
h3 Re5 27. Ne2 Bxc5 28. Rxd8+ Qxd8 29. Qc3 Bb4 30. Qxe5 Bxe1 31. Qxf4 Qd1
32. Qc1 Qxc1 33. Nxc1 Bd2 34. Be2 Bxc1 35. Bxc4 Bxb2 36. Kg1 Bd4+ 37. Kf1
Kf8 38. Ke2 Ke7 39. Kd3 c5 40. a4 f6 41. Bd5 Kd6 42. Kc4 Bf2 43. Bb7 Be1
44. Bd5 Bb4 45. Bg8 h6 46. Bf7 g5 47. Bd5 Ke5 48. Bc6 Kf4 49. Bd5 h5 50.
Bc6 g4 51. hxg4 h4 52. Bd5 Kxg4 53. Be6+ Kg3 54. Bd5 Kf4
1/2-1/2

[Event "Klubbmesterskap stikk-kamp 2008"]
[Site "Ås, Akershus NOR"]
[Date "2008.06.01"]
[Round "2"]
[White "Lea, Per"]
[Black "Lange, David"]
[WhiteElo "1575"]
[BlackElo "1651"]
[PlyCount "116"]
[Result "0-1"]
1. e4 c5 2. Nf3 d6 3. d4 cxd4 4. Nxd4 Nf6 5. Nc3 a6 6. Bg5 e6 7. f4 Be7 8.
Qf3 Qb6 9. O-O-O O-O 10. g4 Nc6 11. Nb3 Rd8 12. h3 Na5 13. Nd4 Nc6 14. Nb3
Qc7 15. Bh4 b5 16. g5 Ne8 17. f5 Ne5 18. Qf2 Qa7 19. Qf4 Nc4 20. f6 Bf8 21.
g6 Nxf6 22. Bxf6 gxf6 23. Qxf6 Re8 24. gxf7+ Qxf7 25. Rg1+ Bg7 26. Qh4 Qe7
27. Qh5 Qf7 28. Qh4 Qe7 29. Qh5 Rf8 30. Rd3 Qf7 31. Be2 Qxh5 32. Bxh5 Ra7
33. Nd4 Kh8 34. Nf3 Bh6+ 35. Kb1 Rg7 36. Rxg7 Bxg7 37. a3 Ne5 38. Nxe5 Bxe5
39. Bf3 Bb7 40. Kc1 Rf4 41. Kd2 Kg7 42. Ke3 Kg6 43. b3 Rf7 44. Ne2 Rc7 45.
c3 Kg5 46. Nd4 Bxd4+ 47. cxd4 h5 48. Bg2 Rc2 49. Rd2 Rxd2 50. Kxd2 Kf4 51.
Kd3 e5 52. d5 Kg3 53. Bf1 Bc8 54. Ke3 Bxh3 55. Bxh3 Kxh3 56. Kf3 h4 57. b4
Kh2 58. Kf2 h3
0-1

[Event "Klubbmesterskap stikk-kamp 2008"]
[Site "Ås, Akershus NOR"]
[Date "2008.06.07"]
[Round "3"]
[White "Lange, David"]
[Black "Lea, Per"]
[Result "1-0"]
[WhiteElo "1651"]
[BlackElo "1575"]
[PlyCount "93"]
1. d4 Nf6 2. c4 g6 3. Nc3 Bg7 4. g3 O-O 5. Bg2 c6 6. Nf3 d5 7. cxd5 cxd5 8.
O-O b6 9. b3 Bb7 10. Bb2 Nc6 11. Ne5 e6 12. Nxc6 Bxc6 13. Rc1 Qd7 14. Qd2
Rfc8 15. Rc2 Rc7 16. Rfc1 Rac8 17. e3 Bb7 18. Bf1 Ne4 19. Nxe4 Rxc2 20.
Rxc2 Rxc2 21. Qxc2 dxe4 22. a4 Qc6 23. Qxc6 Bxc6 24. Bc3 Kf8 25. Be2 Ke7
26. Kf1 Kd6 27. Ke1 e5 28. Kd2 exd4 29. Bxd4 Bxd4 30. exd4 f5 31. Bc4 Bd5
32. Ke3 g5 33. h3 h6 34. h4 a6 35. hxg5 hxg5 36. Bxa6 Bxb3 37. Bb5 Bd5 38.
Be8 Bc6 39. Bxc6 Kxc6 40. g4 fxg4 41. Kxe4 Kd6 42. d5 Kd7 43. Ke5 Ke7 44.
d6+ Kd7 45. Kd5 g3 46. fxg3 g4 47. Ke5
1-0

[Event "Høstturnering 2007"]
[Site "Ås, Akershus NOR"]
[Date "2007.10.25"]
[Round "1"]
[White "Lea, Per"]
[Black "Høva, Frode"]
[WhiteElo "1569"]
[BlackElo "1548"]
[PlyCount "81"]
[EventDate "2007.09.06"]
[Result "1-0"]
1.e4 c5 2.Nf3 d6 3.d4 cxd4 4.Nxd4 Nf6 5.Nc3 e6 6.Bg5 Nc6 7.f4 h6 8.
Bh4 a6 9.Bg3 Be7 10.Qd2 Nh5 11.Bf2 Bd7 12.g4 Nf6 13.Be2 b5 14.Bf3
Nxd4 15.Qxd4 Bc6 16.O-O-O Rc8 17.h4 Qa5 18.Kb1 b4 19.Ne2 Nd7 20.g5 e5
21.Qd2 Nc5 22.Ng3 Bd7 23.f5 Na4 24.Nh5 Nc3+ 25.bxc3 bxc3 26.Qd5 Rb8+
27.Ka1 Qa3 28.Rb1 O-O 29.Rb3 Rxb3 30.Qxb3 Qa5 31.gxh6 d5 32.Rg1 Ba4
33.Rxg7+ Kh8 34.Qb6 Qxb6 35.Bxb6 Bxc2 36.a4 Bxa4 37.exd5 c2 38.Be3
Bc5 39.Nf6 c1=Q+ 40.Bxc1 Bd4+ 41.Bb2
1-0

[Event "Høstturnering 2007"]
[Site "Ås, Akershus NOR"]
[Date "2007.09.06"]
[Round "1"]
[White "Nord, Knut"]
[Black "Furnes, Torstein"]
[Result "1/2-1/2"]
[WhiteElo "1274"]
[BlackElo "1554"]
[PlyCount "49"]
[EventDate "2007.09.06"]

1. d4 d5 2. c4 e6 3. Nc3 Nf6 4. Bg5 Be7 5. Nf3 O-O 6. e3 Nbd7 7. Be2 dxc4 8.
Bxc4 c5 9. O-O b6 10. d5 exd5 11. Nxd5 Bb7 12. Nxe7+ Qxe7 13. Re1 Ne5 14. Nxe5
Qxe5 15. Bxf6 Qxf6 16. Qe2 Qg5 17. e4 Rad8 18. Rad1 h5 19. Rxd8 Rxd8 20. Qf3
Qg6 21. Bd5 Bxd5 22. exd5 Qg5 23. Rd1 Qe5 24. Qb3 g6 25. h3 1/2-1/2

[Event "Høstturnering 2007"]
[Site "Ås, Akershus NOR"]
[Date "2007.09.13"]
[Round "2"]
[White "Furnes, Torstein"]
[Black "Lea, Per"]
[WhiteElo "1548"]
[BlackElo "1569"]
[PlyCount "87"]
[EventDate "2007.09.06"]
[Result "1-0"]
1.d4 d5 2.Nf3 Nf6 3.e3 e6 4.c4 Bb4+ 5.Bd2 Bxd2+ 6.Nbxd2 O-O 7.Be2
Nbd7 8.O-O c5 9.Rc1 b6 10.Re1 Bb7 11.Bd3 Ne4 12.Qc2 f5 13.dxc5 Ndxc5
14.b4 Nxd3 15.Qxd3 dxc4 16.Qxd8 Raxd8 17.Nxc4 Bd5 18.a3 Rc8 19.Nce5
Nc3 20.Nd4 f4 21.Rc2 fxe3 22.Rxe3 Nd1 23.Ree2 Nc3 24.Re1 Rf4 25.Nb5
Nxb5 26.Rxc8+ Rf8 27.Rxf8+ Kxf8 28.a4 Nc3 29.a5 bxa5 30.bxa5 Ke7 31.
f4 a6 32.Kf2 Ne4+ 33.Ke3 Nd6 34.g4 Nc4+ 35.Nxc4 Bxc4 36.Kd4 Bb3 37.
Ke5 Bd5 38.Rc1 Kd7 39.f5 h6 40.h4 Bb3 41.Rb1 Bc4 42.fxe6+ Bxe6 43.
Rb7+ Kc8 44.Rxg7
1-0

[Event "Høstturnering 2007"]
[Site "Ås, Akershus NOR"]
[Date "2007.09.20"]
[Round "3"]
[White "Lea, Per"]
[Black "Lange, Holger"]
[WhiteElo "1569"]
[BlackElo "1688"]
[PlyCount "101"]
[EventDate "2007.09.06"]
[Result "1-0"]
1.e4 Nf6 2.e5 Nd5 3.d4 d6 4.c4 Nb6 5.f4 dxe5 6.fxe5 Bf5 7.Be3 e6 8.
Nc3 Nc6 9.Be2 Be7 10.Nf3 O-O 11.O-O Bg4 12.b3 Bb4 13.Qd2 Qe7 14.Qb2
Ba3 15.Qc2 Bf5 16.Qd2 Nb4 17.Ne1 a6 18.Nd3 Nxd3 19.Bxd3 Bxd3 20.Qxd3
Qd7 21.Rad1 Rad8 22.Bg5 Be7 23.Ne4 Nc8 24.Nf6+ Bxf6 25.exf6 Rfe8 26.
Qf3 Nd6 27.fxg7 Rb8 28.Qh3 f5 29.Bf6 Qf7 30.Be5 Ne4 31.Qh6 Rbc8 32.
Rf3 Qg6 33.Qf4 c6 34.Rh3 Qg5 35.Qxg5 Nxg5 36.Rg3 Nf7 37.Bf6 Nd6 38.
Re3 Ne4 39.Be5 Rcd8 40.Rh3 Ng5 41.Rh5 Nf7 42.Bf6 Rd7 43.Re1 Nd6 44.
Re3 Ne4 45.Be5 Rf7 46.Reh3 Nf6 47.Rh6 Kxg7 48.Rxh7+ Kg6 49.R3h6+ Kg5
50.h4+ Kg4 51.Rg6#
{White mates} 1-0

[Event "Høstturnering 2007"]
[Site "Ås, Akershus NOR"]
[Date "2007.09.20"]
[Round "3"]
[White "Weberg, Øivind"]
[Black "Furnes, Torstein"]
[Result "1/2-1/2"]
[WhiteElo "1538"]
[BlackElo "1548"]
[PlyCount "55"]
[EventDate "2007.09.06"]

1. e4 c5 2. Nf3 Nc6 3. d4 cxd4 4. Nxd4 e5 5. Nb5 d6 6. N1c3 a6 7. Na3 b5 8. Nd5
Nf6 9. Bg5 Be7 10. Bxf6 Bxf6 11. c3 O-O 12. Nc2 Bg5 13. h4 Bh6 14. g4 f6 15.
Nce3 Bxe3 16. Nxe3 Be6 17. Qd2 Qc7 18. O-O-O Bxa2 19. Qxd6 Qxd6 20. Rxd6 Ne7
21. Be2 Rfd8 22. Rhd1 Rxd6 23. Rxd6 Ng6 24. Nf5 Nf4 25. Bf1 g6 26. Ne3 Kf7 27.
Rd7+ Kg8 28. Rd6 1/2-1/2

[Event "Høstturnering 2007"]
[Site "Ås, Akershus NOR"]
[Date "2007.10.04"]
[Round "4"]
[White "Olsen, Trygve"]
[Black "Lea, Per"]
[WhiteElo "1245"]
[BlackElo "1569"]
[PlyCount "46"]
[EventDate "2007.09.06"]
[Result "0-1"]
1.f4 e5 2.fxe5 d6 3.Nf3 Bg4 4.d4 Bxf3 5.exf3 Nd7 6.Bf4 dxe5 7.dxe5
Qe7 8.Bd3 Qb4+ 9.Bd2 Qxb2 10.Bc3 Bb4 11.Qd2 Bxc3 12.Qxc3 Qc1+ 13.Kf2
Qxh1 14.Kg3 Qg1 15.Qxc7 Qe1+ 16.Kh3 Qxe5 17.Qxe5+ Nxe5 18.Be4 O-O-O
19.Bf5+ Kb8 20.f4 Ne7 21.Bg4 Nxg4 22.Kxg4 Rd1 23.h4 Re8
0-1

[Event "Høstturnering 2007"]
[Site "Ås, Akershus NOR"]
[Date "2007.10.25"]
[Round "4"]
[White "Hovland, Arne"]
[Black "Furnes, Torstein"]
[Result "1/2-1/2"]
[WhiteElo "1646"]
[BlackElo "1548"]
[PlyCount "111"]
[EventDate "2007.09.06"]

1. d4 d5 2. c4 e6 3. Nc3 Nf6 4. cxd5 exd5 5. Qc2 Be7 6. Bf4 c6 7. e3 Be6 8. Bd3
Nbd7 9. Nf3 Qb6 10. O-O O-O 11. b4 Bxb4 12. Rfb1 Qa5 13. Ne2 Rfc8 14. a3 Bf8
15. Rxb7 c5 16. Qb1 c4 17. Rb5 Qa6 18. Bc2 Bd6 19. Ng5 h6 20. Nxe6 fxe6 21. a4
Bxf4 22. Nxf4 Rab8 23. h3 Qd6 24. g4 a6 25. Rxb8 Rxb8 26. Qa2 e5 27. Ne2 e4 28.
Ng3 Rb4 29. Kg2 Qb8 30. Qa3 Rb2 31. Rc1 Qb4 32. Qxb4 Rxb4 33. Ne2 a5 34. Nc3
Kf7 35. f3 exf3+ 36. Kxf3 g5 37. e4 dxe4+ 38. Nxe4 Nb6 39. Nxf6 Kxf6 40. Ke4
Nxa4 41. Rf1+ Ke6 42. d5+ Ke7 43. Ke5 Nc5 44. d6+ Kd8 45. Rf8+ Kd7 46. Kd5 Nd3
47. Rf7+ Kd8 48. Ke6 Nf4+ 49. Kf6 Rb6 50. Ke5 Rb5+ 51. Kd4 Rd5+ 52. Kxc4 Rxd6
53. Kb5 Nxh3 54. Kxa5 Nf4 55. Kb5 Ke8 56. Rh7 1/2-1/2

[Event "Høstturnering 2007"]
[Site "Ås, Akershus NOR"]
[Date "2007.10.23"]
[Round "5"]
[White "Weberg, Øivind"]
[Black "Lea, Per"]
[WhiteElo "1538"]
[BlackElo "1569"]
[PlyCount "33"]
[EventDate "2007.09.06"]
[Result "1/2-1/2"]
1.e4 e5 2.Nf3 Nc6 3.d4 exd4 4.Bc4 Nf6 5.e5 Ne4 6.O-O d5 7.Bb5 Bc5 8.
Nxd4 Bd7 9.Bxc6 bxc6 10.Be3 O-O 11.Nd2 Qe7 12.N2f3 Bb6 13.c3 c5 14.
Ne2 c6 15.Bf4 Bc7 16.h3 Be6 17.Qd3
1/2-1/2

[Event "Høstturnering 2007"]
[Site "Ås, Akershus NOR"]
[Date "2007.10.11"]
[Round "5"]
[White "Furnes, Torstein"]
[Black "Thowsen, Alf Geir"]
[Result "1-0"]
[WhiteElo "1548"]
[BlackElo "1239"]
[PlyCount "49"]
[EventDate "2007.09.06"]

1. d4 d5 2. c4 c6 3. e3 Nf6 4. Nf3 Bg4 5. cxd5 cxd5 6. Be2 e6 7. O-O Bd6 8. Nc3
O-O 9. Ne5 Bxe2 10. Qxe2 Nbd7 11. f4 Rc8 12. Bd2 Qb6 13. Rab1 a6 14. g4 Bxe5
15. fxe5 Ne8 16. Na4 Qa7 17. Bb4 f6 18. Bxf8 Nxf8 19. exf6 Nxf6 20. Rbc1 Rc6
21. Rxc6 bxc6 22. Nc5 a5 23. g5 N6d7 24. Qf2 Qa8 25. Qf7+ 1-0

[Event "Høstturnering 2007"]
[Site "Ås, Akershus NOR"]
[Date "2007.10.18"]
[Round "6"]
[White "Lea, Per"]
[Black "Hovland, Arne"]
[WhiteElo "1569"]
[BlackElo "1646"]
[PlyCount "129"]
[EventDate "2007.09.06"]
[Result "1-0"]
1.e4 e5 2.Nf3 Nc6 3.Bb5 Bb4 4.c3 Ba5 5.O-O Nge7 6.d4 exd4 7.cxd4 d5
8.e5 Bg4 9.h3 Be6 10.Nbd2 O-O 11.Nb3 Bb6 12.Bd3 Qd7 13.Ng5 Bf5 14.
Be3 Kh8 15.f4 Bxd3 16.Qxd3 Qf5 17.Qd2 h5 18.Qe2 Qg6 19.g4 f5 20.gxh5
Qh6 21.Rf2 Nd8 22.Rg2 Rg8 23.Kh2 g6 24.hxg6 Rxg6 25.Rag1 c6 26.Bf2
Bc7 27.h4 b6 28.h5 Rg7 29.Rg3 Ng6 30.Be3 Ne7 31.Nc1 Ne6 32.Nd3 Rag8
33.Nf2 c5 34.Nxe6 Qxe6 35.Rxg7 Rxg7 36.Rxg7 Kxg7 37.dxc5 Nc6 38.Nd3
d4 39.cxb6 Bxb6 40.Qg2+ Kh7 41.Bf2 Qh6 42.Qg5 Qxg5 43.fxg5 Bc7 44.Bg3
Kg7 45.Bf4 Ne7 46.Kg3 Nd5 47.Kf3 Kf7 48.e6+ Kxe6 49.Bxc7 Nxc7 50.h6
Kf7 51.Kf4 Kg6 52.Ne5+ Kh7 53.Kxf5 a5 54.Ke4 a4 55.Nf3 Ne6 56.Kd3 Kg6
57.b4 axb3 58.axb3 Kf7 59.b4 Kg6 60.b5 Kf7 61.b6 Kg6 62.Nxd4 Nc5+ 63.
Kc4 Nd7 64.Kb5 Kxg5 65.h7
1-0

[Event "Høstturnering 2007"]
[Site "Ås, Akershus NOR"]
[Date "2007.10.18"]
[Round "6"]
[White "Furnes, Torstein"]
[Black "Olsen, Trygve"]
[Result "1/2-1/2"]
[WhiteElo "1548"]
[BlackElo "1245"]
[PlyCount "81"]
[EventDate "2007.09.06"]

1. d4 b6 2. c4 Bb7 3. Nc3 c6 4. e4 d5 5. cxd5 cxd5 6. e5 e6 7. Nf3 h6 8. Bd3
Ne7 9. O-O a6 10. Be3 Nbc6 11. Rc1 g6 12. Na4 Nf5 13. Qb3 Bb4 14. a3 Ba5 15.
Qd1 b5 16. Nc5 Qc7 17. b4 Bb6 18. Qc2 Rc8 19. g4 Nfe7 20. h4 a5 21. Bxb5 axb4
22. axb4 Kf8 23. Qd2 Kg7 24. Bd3 Bxc5 25. Rxc5 Qb8 26. Rfc1 Qa7 27. b5 Nb8 28.
Rxc8 Bxc8 29. Qb4 Qb7 30. b6 Nbc6 31. Qc5 Bd7 32. Rb1 Ra8 33. Qc1 Rh8 34. Kg2
Nc8 35. Qc5 N8e7 36. Ra1 Rb8 37. Qc1 Rh8 38. Rb1 Nc8 39. Qc5 N8e7 40. Kg3 Rc8
41. Qa3 1/2-1/2

[Event "Høstturnering 2007"]
[Site "Ås, Akershus NOR"]
[Date "2007.11.15"]
[Round "7"]
[White "Lange, David"]
[Black "Lea, Per"]
[WhiteElo "1468"]
[BlackElo "1569"]
[PlyCount "81"]
[EventDate "2007.09.06"]
[Result "1/2-1/2"]
1.d4 d5 2.Nf3 Nf6 3.Bg5 e6 4.e3 Be7 5.Bd3 Nbd7 6.O-O O-O 7.Re1 c5 8.
c3 b6 9.Nbd2 Bb7 10.Qb1 Re8 11.e4 dxe4 12.Nxe4 Nxe4 13.Bxe7 Qxe7 14.
Bxe4 Bxe4 15.Qxe4 cxd4 16.Nxd4 Nf6 17.Qh4 Nd5 18.Qxe7 Rxe7 19.Rad1 Rc8
20.Kf1 Kf8 21.Nf5 Rd7 22.Ne3 Nxe3+ 23.fxe3 Rxd1 24.Rxd1 Ke7 25.Ke2
Rd8 26.Rxd8 Kxd8 27.Kd3 Kd7 28.Kd4 Kd6 29.c4 f5 30.b4 e5+ 31.Kd3 a6
32.a3 b5 33.c5+ Kd5 34.g3 e4+ 35.Ke2 h5 36.h3 g6 37.g4 h4 38.g5 a5
39.Kd2 axb4 40.axb4 Ke5 41.Ke2
1/2-1/2

[Event "Høstturnering 2007"]
[Site "Ås, Akershus NOR"]
[Date "2007.11.15"]
[Round "7"]
[White "Høva, Frode"]
[Black "Furnes, Torstein"]
[Result "0-1"]
[WhiteElo "1548"]
[BlackElo "1548"]
[PlyCount "88"]
[EventDate "2007.09.06"]

1. d4 d5 2. c4 e6 3. Nc3 Nf6 4. cxd5 exd5 5. g3 Be7 6. Bg2 O-O 7. Nf3 c6 8. O-O
Bf5 9. Nh4 Bg4 10. Qc2 Nbd7 11. Nf5 Re8 12. f3 Bxf5 13. Qxf5 Qb6 14. Qd3 Bd6
15. b3 Bb4 16. Na4 Qc7 17. e4 dxe4 18. fxe4 Rad8 19. Bf4 Qa5 20. a3 Bf8 21. Bd2
Qh5 22. Rf5 Qg4 23. h3 Qg6 24. Rg5 Qh6 25. b4 g6 26. Ra5 Qg7 27. Rxa7 b5 28.
Nc3 Ne5 29. Qe3 Nc4 30. Qd3 Nh5 31. d5 cxd5 32. exd5 Nxg3 33. Bg5 Ne2+ 34. Kf2
Rb8 35. Re1 Nxc3 36. Re6 Ra8 37. Rxa8 Rxa8 38. Bf6 Qh6 39. Qxc3 fxe6 40. dxe6
Rxa3 41. e7 Bxe7 42. Bd5+ Kf8 43. Bxe7+ Kxe7 44. Qd4 Qe3+ 0-1

[Event "Høstturnering 2007"]
[Site "Ås, Akershus NOR"]
[Date "2007.11.29"]
[Round "8"]
[White "Moberg, Jan Rune"]
[Black "Lea, Per"]
[WhiteElo "1474"]
[BlackElo "1569"]
[PlyCount "88"]
[EventDate "2007.09.06"]
[Result "0-1"]
1.Nf3 Nf6 2.c4 c5 3.Nc3 Nc6 4.g3 g6 5.Bg2 Bg7 6.O-O O-O 7.a3 a5 8.
Rb1 d6 9.Qc2 Nd7 10.d3 Nde5 11.Nxe5 Nxe5 12.b3 Rb8 13.Bb2 b6 14.Nd5
e6 15.Nc3 Bb7 16.e4 Nc6 17.Ne2 e5 18.f4 f5 19.Bc3 Qc7 20.Rfc1 Bc8 21.
Bd2 Be6 22.Be3 Rf7 23.Nc3 exf4 24.gxf4 Bd4 25.Bxd4 Nxd4 26.Qd2 Rbf8
27.Rf1 Kg7 28.Ne2 Nxe2+ 29.Qxe2 fxe4 30.Qxe4 Bf5 31.Qe3 Re7 32.Be4
Bxe4 33.dxe4 Rfe8 34.Qc3+ Kg8 35.e5 dxe5 36.f5 Qd6 37.Rbd1 Qc6 38.Rd5
gxf5 39.Rxf5 Rg7+ 40.Kf1 Qg6 41.Rfxe5 Qg1+ 42.Ke2 Qxh2+ 43.Kd1 Rg1+
44.Re1 Rexe1+
0-1